Biblioteca y Centro de Documentación

Relación entre beneficios empresariales y la recuperación de la economía española (Registro nro. 46427)

Detalles MARC
000 -CABECERA
Longitud fija campo de control 01113naa a2200253 c 4500
001 - NÚMERO DE CONTROL
Número de control 46427
003 - IDENTIFICADOR DE NÚMERO DE CONTROL
Identificador del número de control ES-MaCES
005 - FECHA Y HORA DE LA ÚLTIMA TRANSACCIÓN
Fecha y hora de la última transacción 20150925133439.0
008 - CAMPO FIJO DE DESCRIPCIÓN FIJA--INFORMACIÓN GENERAL
Códigos de información de longitud fija   150924s2014 sp ||||| t||||||| ||spa d
040 ## - FUENTE DE CATALOGACIÓN
Centro catalogador de origen ES-MaCES
Lengua de catalogación spa
Centro transcriptor ES-MaCES
Centro modificado ES-MaCES
100 1# - ENCABEZAMIENTO PRINCIPAL--NOMBRE PERSONAL
9 (RLIN) 23062
Nombre de persona Salas Fumás, Vicente
245 10 - MENCIÓN DE TÍTULO
Título Relación entre beneficios empresariales y la recuperación de la economía española
Mención de responsabilidad, etc. Vicente Salas Fumás
650 #4 - ASIENTO SECUNDARIO DE MATERIA--TÉRMINO DE MATERIA
9 (RLIN) 30588
Término de materia o nombre geográfico como elemento inicial capacidad empresarial
650 #4 - ASIENTO SECUNDARIO DE MATERIA--TÉRMINO DE MATERIA
9 (RLIN) 28281
Término de materia o nombre geográfico como elemento inicial análisis de costes y beneficios
650 #4 - ASIENTO SECUNDARIO DE MATERIA--TÉRMINO DE MATERIA
9 (RLIN) 30717
Término de materia o nombre geográfico como elemento inicial contención de los costes
650 #4 - ASIENTO SECUNDARIO DE MATERIA--TÉRMINO DE MATERIA
9 (RLIN) 28141
Término de materia o nombre geográfico como elemento inicial inversión
650 #4 - ASIENTO SECUNDARIO DE MATERIA--TÉRMINO DE MATERIA
9 (RLIN) 27103
Término de materia o nombre geográfico como elemento inicial recuperación económica
650 #4 - ASIENTO SECUNDARIO DE MATERIA--TÉRMINO DE MATERIA
9 (RLIN) 26964
Término de materia o nombre geográfico como elemento inicial España
653 10 - TÉRMINO DE INDEXACIÓN--NO CONTROLADO
Término no controlado Empresa
650 #4 - ASIENTO SECUNDARIO DE MATERIA--TÉRMINO DE MATERIA
9 (RLIN) 28178
Término de materia o nombre geográfico como elemento inicial empresa
773 0# - ENTRADA DE DOCUMENTO FUENTE
Itemnumber del ítem fuente 83339
Lugar, editor y fecha de publicación [Madrid (Juan Hurtado de Mendoza, 14, 28036)] [Fundación Fondo para la Investigación Económica y Social, Obra Social de la Confederación Española de Cajas de Ahorros]
Otro identificador del documento 086238
Título Cuadernos de información económica
Número de control del registro relacionado (ES-MaCES)25356
Parte(s) relacionada(s) n. 242 (sept.-oct 2014) {10345 R. 086238} ;p. 11-20
902 ## - CES. TIPO DE DOCUMENTO
Tipodoc (006$c Sirtex) ART Artículo de revista
942 ## - ELEMENTOS KOHA
Fuente de clasificaión o esquema Clasificación propia del CES
Koha [por defecto] tipo de item Artículos (1982-2017)
Parte de clasificación Economía

No hay ítems disponibles.

© CES, Consejo Económico y Social de España 2021